Posters of protest and revolution /

Bibliographic Details
Main Author: Rickards, Maurice, 1919-
Format: Book
Language:English
Published: New York : Walker, [1970]
Subjects:

MARC

Tag First Indicator Second Indicator Subfields
LEADER 00000cam a2200000 4500
001 in00000092088
005 20151008064145.0
008 700505s1970 nyua 00110 eng
010 |a  78084212  
035 |a (OCoLC)00071939 
035 |9 AAK3644AM 
037 |c 12.50 
040 |a DLC  |c DLC  |d m.c.  |d TXA  |d UtOrBLW 
049 |a TXAM  |c 1 [852556], 2 [1502357] 
050 0 0 |a D426   |b R5 1970 
082 0 |a 769/.5 
100 1 |a Rickards, Maurice,  |d 1919- 
245 1 0 |a Posters of protest and revolution /  |c Selected and reviewed by Maurice Rickards. 
264 1 |a New York :  |b Walker,  |c [1970] 
300 |a 30 pages :  |b 80 illustrations (part color) ;  |c 26 cm. 
336 |a text  |b txt  |2 rdacontent 
337 |a unmediated  |b n  |2 rdamedia 
338 |a volume  |b nc  |2 rdacarrier 
650 0 |a History, Modern  |y 20th century  |v Pictorial works. 
650 0 |a Political posters. 
999 |a MARS 
999 f f |s db43cd47-7a2a-36de-8274-c3f034180093  |i 4f5f85e9-5913-31bd-85da-be7de13de827  |t 0 
952 f f |p ric  |a Texas A&M University  |b Rellis Campus  |c Joint Library Facility  |s JLF  |d Remote Storage  |t 0  |e D426 R5 1970  |h Library of Congress classification  |i unmediated -- volume  |m A14806094622 
998 f f |a D426 R5 1970  |t 0  |l Remote Storage